header

The American Republic (Record no. 100179)

MARC details
000 -LEADER
fixed length control field 01769nam a2200373 a 4500
082 04 - DEWEY DECIMAL CLASSIFICATION NUMBER
Classification number 973
245 04 - TITLE STATEMENT
Title The American Republic
260 ## - PUBLICATION, DISTRIBUTION, ETC. (IMPRINT)
Place of publication Indianapolis :
Name of publisher Liberty Fund,
Year of publication c2002.
300 ## - PHYSICAL DESCRIPTION
Number of Pages xxi, 743 p. :
Other physical details ill.
505 0# - FORMATTED CONTENTS NOTE
Formatted contents note pt. 1. Colonial settlements -- pt. 2. Religious society and religious liberty in early America -- pt. 3. Defending the charters -- pt. 4. The war for independence -- pt. 5. A new constitution -- pt. 6. The Bill of Rights -- pt. 7. State versus federal authority -- pt. 8. Forging a nation -- pt. 9. Prelude to war.
700 1# - ADDED ENTRY--PERSONAL NAME
Personal name Frohnen, Bruce.
856 40 - ELECTRONIC LOCATION AND ACCESS
Uniform Resource Identifier http://site.ebrary.com/lib/rucke/Doc?id=10614205

No items available.

© 2026 Rongo University
Contact us: librarian | system librarian | Rongo university